00270pab a2200097 454500008003600000100001400036245005200050650003000102650002100132773001900153180718b xxu||||| |||| 00| 0 eng d aKunju, N. aArmy still in search of "Yesmen" officer cadets a National Defence Academy aDefence National aEconomic Times